Normal view
MARC view
Entry Personal Name
001 - CONTROL NUMBER
- control field: 13038
003 - CONTROL NUMBER IDENTIFIER
- control field: BD-RjUL
005 - DATE AND TIME OF LATEST TRANSACTION
- control field: 20240516151220.0
008 - FIXED-LENGTH DATA ELEMENTS
- fixed length control field: 240516|| aca||aabn | a|a d
040 ## - CATALOGING SOURCE
- Original cataloging agency: BD-RjUL
- Transcribing agency: BD-RjUL
100 ## - HEADING--PERSONAL NAME
- Personal name: Ahmed, Sheikh Saad
670 ## - SOURCE DATA FOUND
- Source citation: Work cat.: (BD-RjUL)83759: Ahmed, Sheikh Saad, Development of Suitable Methods for Culture of Freshwater Prawn, Macrobrachium MalcolmsonII /, 2003